Zostavenie účtovnej závierky za rok 2016 v jednoduchom účtovníctve

Zostavenie účtovnej závierky FO účtujúcich v sústave jednoduchého účtovníctva k poslednému dňu kalendárneho roka. Právna úprava účtovnej závierky za rok 2016. Postup prác.

Guardado en:
Detalles Bibliográficos
Autor principal: Marková, Jana
Formato: Capítulo de libro
Lenguaje:eslovaco
Materias:
Etiquetas: Agregar Etiqueta
Sin Etiquetas, Sea el primero en etiquetar este registro!

MARC

LEADER 00000naa a2200000 4500
001 0227539
005 20221104111203.2
041 0 |a slo 
044 |a SK 
245 1 0 |a Zostavenie účtovnej závierky za rok 2016 v jednoduchom účtovníctve  |c Jana Marková 
520 |a Zostavenie účtovnej závierky FO účtujúcich v sústave jednoduchého účtovníctva k poslednému dňu kalendárneho roka. Právna úprava účtovnej závierky za rok 2016. Postup prác. 
610 2 0 |a závierka účtovná 
610 2 0 |a osoby fyzické 
610 2 0 |a účtovníctvo jednoduché 
100 1 |a Marková, Jana